Němčina v ekonomice učební texty k rozhlasovému kursu němčiny ekonomického zaměření

Enregistré dans:
Détails bibliographiques
Auteur principal: Kařízek, Adolf
Format: Livre
Langue:tchèque
Publié: Praha Vydavatelství a nakladatelství Novinář 1970
Tags: Ajouter un tag
Pas de tags, Soyez le premier à ajouter un tag!

MARC

LEADER 00000nam a2200000 4500
001 c122061
005 20041019155224.2
041 0 |a cze 
044 |a CZ 
245 1 0 |a Němčina v ekonomice  |b učební texty k rozhlasovému kursu němčiny ekonomického zaměření  |c Adolf Kařízek 
264 1 |a Praha  |b Vydavatelství a nakladatelství Novinář  |c 1970 
300 |a 151 s. 
100 1 |a Kařízek, Adolf